000
00334nam a22001457a 4500
008
221006b ||||| |||| 00| 0 eng d
020
_a
0721697224
041
_a
eng
080
_2
third edition
_a
616.8
082
_a
616.8 ZUI
100
_a
11.2
101
_a
TRU
245
_a
THE MANAGEMENT OF TRAUMA
_c
ZUIDEMA
942
_2
udc
_c
BK
999
_c
58388
_d
58388